[Event "Bratislava Doprastav op"]
[Site "Bratislava"]
[Date "2019.04.19"]
[Round "2"]
[White "Takacs, Zsolt"]
[Black "Misik, Rudolf"]
[Result "1-0"]
[WhiteElo "1791"]
[BlackElo "1300"]
[PlyCount "57"]
[EventDate "2019.04.18"]
[EventType "swiss"]
[EventRounds "7"]
[EventCountry "SVK"]
[SourceTitle "CBM 189 Extra"]
[Source "ChessBase"]
[SourceDate "2019.06.03"]
[SourceVersion "1"]
[SourceVersionDate "2019.06.03"]
[SourceQuality "1"]

1. e4 d6 2. Nf3 e6 3. d4 Nf6 4. Nc3 Be7 5. Bg5 h6 6. Bxf6 Bxf6 7. e5 dxe5 8. dxe5 Qxd1+ 9. Rxd1 Be7 10. Nb5 Bd8 11. g3 0-0 12. Bg2 a6 13. Nc3 Nc6 14. a3 Be7 15. 0-0 Rd8 16. Rxd8+ Bxd8 17. Rd1 Rb8 18. Ne2 b5 19. Ned4 Nxd4 20. Nxd4 Bb7 21. Bxb7 Rxb7 22. Nxe6 fxe6 23. Rxd8+ Kh7 24. Rd7 h5 25. Re7 Kg6 26. Rxe6+ Kf7 27. Rxa6 c5 28. Rc6 c4 29. f4 1-0